[Event "Kuwait Rapid op"]
[Site "Kuwait"]
[Date "2023.12.02"]
[Round "4"]
[White "Zayed, Ali Al Hamed"]
[Black "Vishwesh, Sivanantham"]
[Result "1/2-1/2"]
[WhiteElo "1987"]
[BlackElo "1377"]
[PlyCount "50"]
[EventDate "2023.12.02"]
[EventType "swiss (rapid)"]
[EventRounds "9"]
[EventCountry "KUW"]
[SourceTitle "CB50_2023"]
[SourceDate "2023.12.13"]
[SourceVersion "1"]
[SourceVersionDate "2023.12.13"]
[SourceQuality "1"]

1. e4 e5 2. Nf3 Nc6 3. Bb5 a6 4. Ba4 Nf6 5. 0-0 d6 6. Re1 Bg4 7. h3 Bh5 8. g4 Bg6 9. d3 Be7 10. c3 h5 11. g5 Nh7 12. h4 f6 13. d4 fxg5 14. dxe5 Qc8 15. Nd4 Rf8 16. Nxc6 bxc6 17. Bxc6+ Kd8 18. hxg5 Qh3 19. exd6 cxd6 20. Bxa8 Rf3 21. Qd5 Rg3+ 22. fxg3 Qxg3+ 23. Kf1 Qf3+ 24. Kg1 Qg3+ 25. Kf1 Qf3+ 1/2-1/2